00410nam a2200109Ia 4500008004100000082001900041100003700060245001700097260006300114630002800177650009500205211109s9999||||xx |||||||||||||| ||und|| a494.805bDRA-V aDravidan Linguistics Association 0aVolume title bDravidian Lingustics AssociationaThiruvananthapuramc1980 xPost Graduate Reference aAltaic, Uralic, Hyperborean & DravidianvLinguisticsxSerial publicationsLanguageMalayalam